| 000 | 00377nam a22001697a 4500 | ||
|---|---|---|---|
| 003 | SGT | ||
| 020 | _a9788131258088 | ||
| 082 |
_a617.6342 _bP21B |
||
| 100 | _aBerman, Louis H. | ||
| 245 | _aCohen's Pathways of the Pulp | ||
| 250 | _a12th South Asia | ||
| 260 |
_bElsevier _c2021 |
||
| 300 | _a977 | ||
| 650 | _aDental Pulp | ||
| 653 | _aDental Pulp | ||
| 942 |
_2ddc _cBK _014 |
||
| 999 |
_c22721 _d22721 |
||